000 00668nam a22002172 4500
001 0000018914
005 20151217145909.0
008 100815s xx 000 0 eng d
020 _a0131227238 :
040 _aKABU
_cKABU
100 1 _aCapron, H. L.
_@0000178392
245 1 0 _aComputers :
_btools for an information age /
_cH. L. Capron, J. A. Johnson.
250 _a8th ed.
260 _aUpper Saddle River, NJ. :
_bPearson,
_c2004.
300 _avarious paging +
_e2 CD-ROM.
650 0 _aComputers.
_@0000153924
700 1 _aJohnson, J. A.
_@0000178393
852 1 _9p2490 KES
908 _a100815
950 _@1
999 _c3833
_d3833